Dějiny diplomace

Salvato in:
Dettagli Bibliografici
Altri autori: Dvořáček, Zdeněk
Natura: Libro
Lingua:ceco
Pubblicazione: Praha Nakladatelství Svoboda 1967
Edizione:2. vyd. přeprac. a dopln.
Soggetti:
Tags: Aggiungi Tag
Nessun Tag, puoi essere il primo ad aggiungerne!!

MARC

LEADER 00000nam a2200000 4500
001 c122163
005 20160525140122.0
041 0 |a cze 
044 |a CZ 
245 1 0 |a Dějiny diplomace  |c [preklad: Zdeněk Dvořáček] ... [et al.] 
250 |a 2. vyd. přeprac. a dopln. 
264 1 |a Praha  |b Nakladatelství Svoboda  |c 1967 
300 |a 842 s. 
610 2 0 |a história 
610 2 0 |a dejiny 
610 2 0 |a diplomacia 
700 1 |a Dvořáček, Zdeněk